La Ley de Sociedades Anónimas : Anotaciones y concordancias /
Guardado en:
| Autor Principal: | |
|---|---|
| Formato: | Libro |
| Idioma: | Spanish |
| Publicado: |
Madrid :
Editoriales de Derecho Reunidas,
1976
|
| Edición: | 4º ed. |
| Materias: | |
| Etiquetas: |
Agregar Etiqueta
Sin Etiquetas, Sea el primero en etiquetar este registro!
|
| LEADER | 00545nam a22001695a 4500 | ||
|---|---|---|---|
| 001 | DER.der001932 | ||
| 005 | 20060906000000.0 | ||
| 008 | 180615s1976####||||||||||||||||||||spa|| | ||
| 020 | |a 84-7130-256-X | ||
| 100 | 1 | |a Velasco Alonso, Angel | |
| 245 | 1 | 0 | |a La Ley de Sociedades Anónimas : |b Anotaciones y concordancias / |c Javier Arana Gondra |
| 250 | |a 4º ed. | ||
| 260 | |a Madrid : |b Editoriales de Derecho Reunidas, |c 1976 | ||
| 300 | 0 | |a 838 p. | |
| 653 | |a DERECHO SOCIETARIO | ||
| 653 | |a SOCIEDADES ANONIMAS | ||
| 859 | |a DERECHO |b BIB. DERECHO |h 346.06 |i VEL |p 004047 | ||
